ՀՀ Գիտությունների ազգային ակադեմիայի հիմնարար գիտական գրադարան  =   Fundamental Scientific Library of NAS RA

Применение скреперо-струговых установок на шахтах Бельгии : (Record no. 510337)

MARC details
000 -LEADER
fixed length control field 01199nam a22002057a 4500
003 - CONTROL NUMBER IDENTIFIER
control field AM-YEHGA
005 - DATE AND TIME OF LATEST TRANSACTION
control field 20250617163642.0
008 - FIXED-LENGTH DATA ELEMENTS--GENERAL INFORMATION
fixed length control field 210603b ||||| |||| 00| 0 rus d
040 ## - CATALOGING SOURCE
Original cataloging agency AM-YeHGA
041 0# - LANGUAGE CODE
Language code of text/sound track or separate title rus
001 - CONTROL NUMBER
control field 1772552
090 ## - LOCALLY ASSIGNED LC-TYPE CALL NUMBER (OCLC); LOCAL CALL NUMBER (RLIN)
-- 513803
245 00 - TITLE STATEMENT
Title Применение скреперо-струговых установок на шахтах Бельгии :
Remainder of title (По материалам 3-й Конференции, провед. Бельг. науч.-исслед. угольным ин-том "Инишар" в апр. 1960 г.)
260 ## - PUBLICATION, DISTRIBUTION, ETC.
Place of publication, distribution, etc. Москва :
Name of publisher, distributor, etc. Б. и.,
Date of publication, distribution, etc. 1961
300 ## - PHYSICAL DESCRIPTION
Extent 80 с.,
Other physical details ил.
440 #0 - SERIES STATEMENT/ADDED ENTRY--TITLE
Title Серия "Механизация и автоматизация добычи и обогащения угля и горное оборудование". Зарубежная техника/ Гос. ком. Совета Министров СССР по координации науч.-исслед. работ. Центр. ин-т техн. информации угольной пром-сти
653 0# - INDEX TERM--UNCONTROLLED
Uncontrolled term Угольные струги - Эксплуатация
653 0# - INDEX TERM--UNCONTROLLED
Uncontrolled term Угледобыча - Механизация
942 ## - ADDED ENTRY ELEMENTS (KOHA)
Source of classification or shelving scheme Universal Decimal Classification
Koha item type Գրքեր / Books
Holdings
Withdrawn status Lost status Damaged status Not for loan Collection Home library Current library Date acquired Total checkouts Full call number Barcode Date last seen Price effective from Koha item type Public note
        General Fundamental Scientific Library Fundamental Scientific Library 03/06/2021   РII/52926 FL0646664 03/06/2021 03/06/2021 Գրքեր / Books 30 Days Loan


ՀՀ ԳԱԱ հիմնարար գիտական գրադարան
ՀՀ,Երևան 0019
Մարշալ Բաղրամյան 24/6
հեռախոս:(374-10) 52-47-50
Հետադարձ կապ

All site content, except where otherwise noted, is licensed under a
Creative Commons License